000 00854nam a22002177a 4500
999 _c1691
_d1691
003 AR-CdUCM
008 190227b ||||| |||| 00| 0 spa d
020 _a9789972339837
040 _aMUNICIPALIDAD PROVINCIAL DEL CUSCO
_cBIBLIOTECA MUNICIPAL DEL CUSCO
082 _a985.612 /
_bC43
100 _aChevarría Huarcaya, Efraín
_9161
245 _aMachu Picchu :
_bMaravilla del mundo /
260 _aCusco :
_bs.n.,
_c2009.
300 _a310 páginas ;
_bfotos ;
_c20 cm.
505 _aMacchu Picchu -- La expedición cientifica Yale University, en 1911 -- El descubrimiento, Hiram Bingham -- El Nombre de la ciudad de Machu Picchu -- Actores del descubrimiento científico ...
650 _aLa Convención-Cusco
_96260
650 _aComplejos Arqueológicos
_93559
650 _aCamino Inca
_96261
942 _2ddc
_cLIBROS
945 _araen
_d2019-02-27